<?xml version="1.0" encoding="UTF-8"?>
<record
    xmlns:xsi="http://www.w3.org/2001/XMLSchema-instance"
    xsi:schemaLocation="http://www.loc.gov/MARC21/slim http://www.loc.gov/standards/marcxml/schema/MARC21slim.xsd"
    xmlns="http://www.loc.gov/MARC21/slim">

  <leader>02973nmm a22002537a 4500</leader>
  <controlfield tag="003">UAHC</controlfield>
  <controlfield tag="005">20260417152941.0</controlfield>
  <controlfield tag="008">260417s2024    cl |||| o||d  000   spa  </controlfield>
  <datafield tag="040" ind1=" " ind2=" ">
    <subfield code="a">UAHC</subfield>
    <subfield code="c">UAHC</subfield>
  </datafield>
  <datafield tag="100" ind1=" " ind2=" ">
    <subfield code="9">18411</subfield>
    <subfield code="a">Candia Hidalgo, Roberto</subfield>
  </datafield>
  <datafield tag="245" ind1="1" ind2="3">
    <subfield code="a">El lenguaje del viol&#xED;n</subfield>
    <subfield code="c">Benjam&#xED;n Garrido ; profesora gu&#xED;a Sara Carrasco.</subfield>
  </datafield>
  <datafield tag="260" ind1=" " ind2=" ">
    <subfield code="a">Santiago, Chile :</subfield>
    <subfield code="b">Universidad Academia de Humanismo Cristiano,</subfield>
    <subfield code="c">2024.</subfield>
  </datafield>
  <datafield tag="300" ind1=" " ind2=" ">
    <subfield code="a">64 p&#xE1;ginas.</subfield>
  </datafield>
  <datafield tag="500" ind1=" " ind2=" ">
    <subfield code="a">Tesis para optar al grado de Licenciado/a en Artes.</subfield>
  </datafield>
  <datafield tag="502" ind1=" " ind2=" ">
    <subfield code="a">Tesis (Licenciatura en Artes) --  Universidad Academia del Humanismo Cristiano, 2024.</subfield>
  </datafield>
  <datafield tag="516" ind1=" " ind2=" ">
    <subfield code="a">Tesis electr&#xF3;nica (PDF). Solicitar documento de biblioteca@academia.cl.</subfield>
  </datafield>
  <datafield tag="520" ind1=" " ind2=" ">
    <subfield code="a">El presente proyecto se centra en proponer un an&#xE1;lisis integral y multidisciplinario del Concierto para Viol&#xED;n Op.86 de Juan Orrego Salas, un destacado compositor chileno del siglo XX. Este estudio se enfocar&#xE1; en tres dimensiones clave: la hist&#xF3;rica, la musical y la t&#xE9;cnica. En primer lugar, el enfoque hist&#xF3;rico investigar&#xE1; el contexto en el que Juan Orrego Salas compuso su "Concierto para Viol&#xED;n". Se explorar&#xE1; la vida y obra del compositor, as&#xED; como los eventos culturales y sociales que influyeron en su creaci&#xF3;n. La revisi&#xF3;n bibliogr&#xE1;fica que realizar&#xE9; permitir&#xE1; comprender mejor las motivaciones y aspiraciones detr&#xE1;s de la obra, as&#xED; como dar una noci&#xF3;n clara para una interpretaci&#xF3;n rica, coherente y efectiva. En segundo lugar, el an&#xE1;lisis musical se sumergir&#xE1; en la partitura del concierto, desentra&#xF1;ando sus elementos estructurales, arm&#xF3;nicos, mel&#xF3;dicos y r&#xED;tmicos. Se examinar&#xE1; la forma en que Orrego Salas utiliza el lenguaje musical para expresar sus ideas y emociones, y se comparar&#xE1; su estilo con otras composiciones de su repertorio. Finalmente, la dimensi&#xF3;n t&#xE9;cnica abordar&#xE1; las dificultades espec&#xED;ficas que enfrentan los violinistas al interpretar esta obra. Se investigar&#xE1;n aspectos como la digitaci&#xF3;n, el arco, la afinaci&#xF3;n y la expresividad, y se propondr&#xE1;n enfoques pr&#xE1;cticos para abordar los desaf&#xED;os t&#xE9;cnicos. A este punto le agregar&#xE9; un proceso autoetnogr&#xE1;fico, el cual implica la reflexi&#xF3;n personal del investigador sobre su experiencia con la obra. Aqu&#xED;, el int&#xE9;rprete (investigador) puede compartir sus percepciones al aprender y ejecutar el concierto, ofreciendo una perspectiva &#xFA;nica y subjetiva, aportando una dimensi&#xF3;n personal al proceso de investigaci&#xF3;n, enriqueciendo la comprensi&#xF3;n y permitiendo una conexi&#xF3;n m&#xE1;s &#xED;ntima con la obra. Se buscar&#xE1; brindar herramientas valiosas para los int&#xE9;rpretes interesados en abordar este concierto para viol&#xED;n de un gran compositor nacional de manera m&#xE1;s efectiva y emotiva.</subfield>
  </datafield>
  <datafield tag="600" ind1=" " ind2="0">
    <subfield code="a">Orrego Salas, Juan</subfield>
    <subfield code="d">1919-2019</subfield>
    <subfield code="9">23319</subfield>
  </datafield>
  <datafield tag="650" ind1=" " ind2="0">
    <subfield code="a">Composici&#xF3;n musical</subfield>
    <subfield code="9">3542</subfield>
  </datafield>
  <datafield tag="650" ind1=" " ind2="0">
    <subfield code="a">Compositores</subfield>
    <subfield code="z">Chile</subfield>
    <subfield code="y">Siglo 20</subfield>
    <subfield code="9">3735</subfield>
  </datafield>
  <datafield tag="700" ind1=" " ind2=" ">
    <subfield code="a"> Carrasco Segovia, Sara</subfield>
    <subfield code="9">22178</subfield>
    <subfield code="e">profesor gu&#xED;a</subfield>
  </datafield>
  <datafield tag="900" ind1=" " ind2=" ">
    <subfield code="a">TPLA 117</subfield>
  </datafield>
  <datafield tag="942" ind1=" " ind2=" ">
    <subfield code="c">TS</subfield>
    <subfield code="2">ddc</subfield>
  </datafield>
  <datafield tag="999" ind1=" " ind2=" ">
    <subfield code="c">63611</subfield>
    <subfield code="d">63611</subfield>
  </datafield>
  <datafield tag="952" ind1=" " ind2=" ">
    <subfield code="0">0</subfield>
    <subfield code="1">0</subfield>
    <subfield code="2">ddc</subfield>
    <subfield code="4">0</subfield>
    <subfield code="7">0</subfield>
    <subfield code="8">COMP</subfield>
    <subfield code="B">LICAR</subfield>
    <subfield code="a">BC</subfield>
    <subfield code="b">BC</subfield>
    <subfield code="c">Digital</subfield>
    <subfield code="d">2026-04-17</subfield>
    <subfield code="l">0</subfield>
    <subfield code="o">TPLA 117</subfield>
    <subfield code="r">2026-04-17 15:28:13</subfield>
    <subfield code="w">2026-04-17</subfield>
    <subfield code="y">TS</subfield>
    <subfield code="z">Documento en PDF</subfield>
  </datafield>
</record>
